Statystyki dla Rozpoznaj postać z LoL'a po opisie

Kliknij tutaj aby rozwiązać quiz!

Ogólne statystyki

  • Ten quiz został rozwiązany 3 188 razy
  • Średni wynik to 14 z 16

Statystyki odpowiedzi

LiniaOpisCharakterystyczna brońJedna ze skórekImię postaci% Poprawnych
Mid, support, topCzłowiek pochodniaKule ogniaZombieBrand
98%
Top, mid, ADCMały chomik, w kasku z pomarańczowymi googlami i butami "oficerkami"Trucizna, darty, GrzybyOmega Squad (Ze składu Omega)Teemo
98%
ADC, mid, supportMrożąca łuczniczka, królowa, żona innego bohatera.Łuk, lódSherwoodAshe
94%
Mid, support, topBlondynka, lubi zabijać z laseraŚwiatłoElementalist (Mistrzyni żywiołów)Lux
94%
Dżungla, mid, topRubaśny "księciunio", nigdy nie rozstaje się ze swoją beczką pełną jabolaBeczka, pięściOktoberfestGragas
93%
ADC, mid, dżunglaRuda Piratka z dwoma "gnatami"Pistolet(y)ArcadeMiss Fortune
93%
MId, top, ADC,Jego atrybutem jest wiatr, z katany potrafi wykręcić tornado, legenda głosi, że zabił swojego mistrzaKatanaPROJECT (PROJEKT)Yasuo
93%
Top, mid, DżunglaSkoksowany obrońca, używając skilli często krzyczy nazwę swojej "miejscowości"MieczWarring Kingdoms (Walczących królestw)Garen
91%
Dżungla, top, midBłazen, LoL'owy prankster, lubi zniknąć i za chwilę pojawić się z lustrzanym odbiciem samego siebieKosyNutcraco (Błazen do orzechów)Shaco
91%
Dżungla, top, midPostać która sama w sobie jest bronią, pomimo że jest zwykłym slimem'.Pięści, "krople" slime'aPool party (Basenowy)Zac
90%
Support, top, midPół-człowiek, pół-jednorożec płci żeńskiej, leczy, ucisza, unieruchamiaBananyStar Guardian (Czarodziejka Gwiazd)Soraka
86%
Dżungla, mid, ADCSzybki i skoczny, oręż w kształcie błyskawicy, google z 7 soczewkamiMIeczSamuraiMaster Yi
85%
Dżungla, support, midStrach na wóble z kosąKrukiUnion Jack (Brytyjski)Fiddlesticks
82%
Dżungla, mid, supportUtożsamienie kostuchy, władca śmierci, jedną umiejętnością może zabić 5 osóbKosturPentakillKarthus
79%
Support, dżungla, topPrzedstawiciel ruchu LGBT, podobno czuje miłość do innego męskiego bohatera.KosturFifth Age Armor (W zbroi z piątego wieku)Taric
77%
Top, dżungla, mid"Wiking", król, mąż bohaterki powyżej, mówi, że "Jego prawa ręka jest bardziej umięśniona niż lewa"MieczDemonic Blade (z dmonicznym mieczem)Tryndamere
77%

Rozkład punktacji

Percentyl według liczby udzielonych odpowiedzi

Procent ludzi z każdym wynikiem

Twoja historia wyników

Nie rozwiązałeś tego quizu